000 00898cam a22003013a 4500
001 16416478
003 LC
005 20160317150103.0
008 960129s1996 nyu 000 1 eng d
010 _a 97812999
020 _a9780451180605
035 _a(OCoLC)ocm34098261
040 _aJDP
_cJDP
_dSVP
_dOCL
_dDLC
050 0 0 _aPZ 7
_b.Ad211 1996
082 _aFIC Ad1p
_b1996
100 1 _aAdams, Zach.
_920316
245 1 0 _aPursuit /
_cZach Adams.
260 _aNew York, N.Y., U.S.A. :
_bOnyx,
_cc1996.
300 _a285 p. ;
_c18 cm.
500 _a"An Onyx book."
650 0 _aAbduction
_vFiction.
_920317
650 0 _aChildren
_xCrimes against
_vFiction.
_920318
655 7 _aMystery fiction.
_2gsafd
_94089
710 2 _aCopyright Paperback Collection (Library of Congress)
_5DLC
_9705
906 _a7
_bcbc
_ccopycat
_d2
_encip
_f19
_gy-genrareb
942 _2lcc
_cBK
999 _c11464
_d11464